| 000 | 00451nam a2200169Ia 4500 | ||
|---|---|---|---|
| 008 | 180921t1969 xxu||||| |||| 00| 0 eng d | ||
| 041 | _aeng | ||
| 080 |
_a58 _bROH |
||
| 100 | _aRohde eleanour sinclair | ||
| 245 | _aA garden of herbs | ||
| 260 |
_bDover publication inc _aNew york _c1969 |
||
| 300 | _a305p.,5pl., ill., 22 cm | ||
| 650 |
_aAyurveda _aMedicinal plants |
||
| 942 | _cBK | ||
| 999 |
_c16607 _d16607 |
||
| 003 | LK-CoDNM | ||
| 040 |
_aLK-CoDNM _dLK-CoDNM _eLK-CoDNM |
||